| 000 | 00699nam a2200181Ia 4500 | ||
|---|---|---|---|
| 008 | 100920s9999 xx 000 0 und d | ||
| 082 |
_b72408 _a24 0 |
||
| 100 | _aपवार आर डी. | ||
| 245 | _aप्राथमिक शिक्षक हमखास गाईड. | ||
| 260 |
_bमे. आदर्श विद्यार्थी प्रकाशन, पुणे 2. _c0 |
||
| 300 |
_a352 _bसाधी |
||
| 365 | _b65 | ||
| 520 | _aसायो. | ||
| 630 | _aप्राथमिक शिक्षक हमखास गाईड. | ||
| 650 | _aसायो. | ||
| 730 | _aप्राथमिक शिक्षक हमखास गाईड. | ||
| 942 | _cBOOK | ||
| 999 |
_c714192 _d714189 |
||